000 00638nam a2200229Ia 4500
003 OSt
005 20220926000819.0
006 a|||||r|||| 00| 0
007 ta
008 220923b |||||||| |||| 00| 0 eng d
037 _cGeneral Book
040 _aRTL
_cRTL
_beng
041 _2eng
_aeng
082 _aX:77:(B), M2.2/SC
100 _aDAHIYA S Bhagwan Ed.
245 0 _aDevelopment planning models
260 _a New Delhi
_bInter-India publications
_c1982
300 _axxiv,270p.
_ccm.
490 _vVol.2
942 _hX:77:(B), M2.2/SC
_cGB
_2CC
999 _c599815
_d599815